000 00556nam a2200145Ia 4500
008 151213s9999 xx 000 0 und d
100 _aসিরাজুল ইসলাম চেীধুরী ।
245 _aতাকিয়ে দেখি
_cসিরাজুল ইসলাম চেীধুরী ।
260 _aঢাকা
_bমুক্ত ধারা।
_c1974
300 _a8746 p.
650 _aBangla
650 _aউপন্যাস
700 _aসিরাজুল ইসলাম চেীধুরী ।
999 _c4531
_d4531